000 00680nam a2200217Ii 4500
003 JO-AjNU
008 230606s9999||||xx |||||||||||||| ||und||
020 _a978-007-127608-5
040 _aJO-AjNU
_beng
_erda
_cJO-AjNU
041 _aeng
050 1 4 _aHC415.254.2009
100 3 _aPhatak,Arvind/rabi s. bhagat/roger j. kashlak,
_eauthor
_9493
245 0 0 _aInternational Management: managin in diverse and dynamic global enveronment
250 _a2 ed
264 3 1 _aBoston: Mc Graw Hill Irwin,2009
300 _a540p
336 _atext
_btxt
_2rdacontent
337 _aunmediated
_bn
_2rdamedia
338 _avolume
_bnc
_2rdacarrier
650 4 _aInternational Management
_9494
999 _aE263
_c263
_d263